Suomalaisia, joilla on M-alkuiset nimikirjaimet - Statistics

Yleistilastot
  • Tätä visaa on pelattu 221 kertaa
    187 viimeisimmän päivityksen jälkeen
  • Keskiarvotulos 12 / 22
Vastaustilastot
Vihje Henkilö % Oikein
MA Suomen tasavallan kymmenes presidentti 1994-2000 Martti Ahtisaari
100%
MN Maailman menestynein mäkihyppääjä Matti Nykänen
94%
MK Suomen tasavallan yhdeksäs presidentti 1982-1994 Mauno Koivisto
92%
MH Formula 1-autoilun kaksinkertainen maailmanmestari Mika Häkkinen
91%
MC Suomen merkittävimpiä naiskirjailijoita, jonka pääteoksiin lukeutuu mm. "Työmiehen vaimo" Minna Canth
87%
MW Merkittävä suomalaiskirjailija, jonka pääteoksiin lukeutuvat "Sinuhe egyptiläinen" sekä "Komisario Palmu"-dekkarit Mika Waltari
83%
MM Muistetaan Hanoi Rocks-yhtyeen laulajana Michael Monroe
74%
MV Suomen pääministeri 2003-2010 Matti Vanhanen
72%
MR Edustanut Suomea kahdesti Eurovision laulukilpailussa kappaleilla "Tipi-tii" ja "Tom tom tom" Marion Rung
69%
MB Muistetaan parhaiten BumtsiBum-ohjelman juontajana Marco Bjurström
63%
MO Suomen sisäministeri vuodesta 2019 alkaen ja Vihreiden puheenjohtaja Maria Ohisalo
62%
ME Rekkamiehestä laulanut iskelmälaulaja Matti Esko
59%
MS Suomen ensimmäinen naisministeri Miina Sillanpää
56%
MU Olympiahopeaa vuonna 2006 saavuttaneen Suomen curlingjoukkueen kapteeni Markku Uusipaavalniemi
47%
MF Sosiaalisessa mediassa toiminut nettipoliisi. Tunnetaan lempinimellä "Fobba" Marko Forss
46%
MP Kiroileva siili-sarjakuvan luoja Milla Paloniemi
29%
MI Parodiamusiikista tunnettu muusikko ja kirjailija Martti "Huuhaa" Innanen
27%
MT Ensimmäinen länsimaalaissyntyinen edustaja Japanin parlamentissa Marutei Tsurunen
27%
MY Yleisradion nykyinen ja MTV Uutisten entinen päätoimittaja Merja Ylä-Anttila
19%
MG Astiankuivauskaapin keksijä Maiju Gebhard
16%
ML Ensimmäinen Perussuomalaisia edustanut eduskunnan puhemies Maria Lohela
7%
MJ Diplomaatti, joka oli myös ehdolla YK:n pääsihteeriksi Max Jakobson
5%
Ehtoja vastaavia visoja ei löytynyt
Tulosjakauma
Jokaisen tuloksen saaneiden osuus
Persentiili vastausten määrän mukaan
Tuloshistoriasi
Et ole pelannut tätä visaa sen viimeisimmän päivityksen jälkeen